Titres de M.I.L.S - Ninho - Statistiques

Statistiques générales
  • Ce quiz a été pris 90 fois
  • Le résultat moyen est 9 sur 14
Statistiques - réponses
Réponse % Correct
M.I.L.S
96%
Malcolm
72%
Elle a mal
68%
Soleil
68%
Tout ira mieux
66%
Dis-moi que tu m'aimes
64%
Monotonie
64%
Sourire
64%
La Roma
62%
Crésus
58%
Pour Nous
55%
Bitch Dab
45%
TTR
45%
Somnambule
43%
Aucun quiz correspondant
Distribution des résultats
% des personnes avec chaque résultat
Percentile par nombre de réponses
Votre historique - résultats
Vous n’avez pas pris ce quiz